[Event "Bayern Regionalliga Southwest"]
[Site "masterchessopen.com - Germany"]
[Round "6"]
[White "Tudosa Daniel"]
[Black "Albeker Mark (GER)"]
[Result "1-0"]
[WhiteElo "1755"]
[BlackElo "2137"]

1.d4 c5 2.d5 Nf6 3.c4 g6 4.Nc3 Bg7 5.e4 d6 6.Nf3 O-O 7.Be2 e6 8.O-O exd5
9.cxd5 Re8 10.Nd2 Na6 11.Kh1 Nc7 12.a4 b6 13.f4 a6 14.Bf3 Rb8 15.Nc4 b5
16.axb5 Nxb5 17.e5 Nxc3 18.bxc3 dxe5 19.fxe5 Nd7 20.e6 Nb6 21.exf7+ Kxf7
22.Bg4+ Kg8 23.Bxc8 Rxc8 24.d6 Nxc4 25.d7 Ne5 26.dxe8=Q+ Qxe8 27.Rxa6 Kh8
28.Bg5 Nc6 29.Qf3 Ne5 30.Qd5 h6 31.Bf6 Ng4 32.Bxg7+ Kxg7 33.Re6 Rd8 34.Qc4
Nf2+ 35.Kg1 Qf7 36.Qe2 Rd2 37.Qe5+ Kf8 38.Qh8+ {#r} 1-0

[Event "Oberliga Southwest 1996/97"]
[Site "masterchessopen.com - Germany"]
[Round "0"]
[White "Schmitz Thorsten (GER)"]
[Black "Schwing Hans-Elmar (GER)"]
[Result "1-0"]
[WhiteElo "2329"]
[BlackElo "2245"]

1.d4 Nf6 2.c4 e6 3.Nf3 c5 4.d5 exd5 5.cxd5 d6 6.Nc3 g6 7.e4 Bg7 8.Be2 O-O
9.O-O Re8 10.Nd2 Na6 11.Re1 Rb8 12.Bf1 Nc7 13.a4 b6 14.Nc4 Ba6 15.Bf4 Bxc4
16.Bxc4 a6 17.Qd3 Nh5 18.Bd2 Qc8 19.Ra3 Bd4 20.h3 Be5 21.Rb3 Kh8 22.Rf1 Nf4
23.Qf3 g5 24.Ne2 Nxe2+ 25.Bxe2 f6 26.Qh5 Qd7 27.Ra1 Qg7 28.h4 Rg8 29.hxg5 fxg5
30.Bg4 Ne8 31.Be6 Nf6 32.Qe2 Rgf8 33.Bc3 h6 34.Bxe5 dxe5 35.Re1 Qb7 36.Qd2 Kg7
37.Rf3 Nh5 38.Qc3 Qc7 39.Rxf8 Rxf8 40.b4 Nf4 41.a5 bxa5 42.bxc5 Nxe6 43.dxe6
Re8 44.Qc4 Qc6 45.Rb1 Rc8 46.Qd5 Qxd5 47.exd5 Rxc5 48.d6 Rd5 49.e7 Kf7 50.Rb8
{#r} 1-0

[Event "Ch Slovenia (juniors) (under 20)"]
[Site "masterchessopen.com - Kranj (Slovenia)"]
[Round "3"]
[White "Vesel M"]
[Black "Rusjan Miran (SLO)"]
[Result "0-1"]
[WhiteElo "1865"]
[BlackElo "2192"]

1.d4 Nf6 2.Nf3 c5 3.d5 e6 4.c4 exd5 5.cxd5 d6 6.Nc3 g6 7.e4 Bg7 8.Be2 O-O
9.O-O Re8 10.Nd2 Na6 11.a4 Nb4 12.f3 b6 13.Nc4 Ba6 14.Nb5 Bxb5 15.axb5 Qe7
16.Be3 Nd7 17.Qd2 Ne5 18.Ra3 Nxc4 19.Bxc4 Qe5 20.Rb3 Reb8 21.Ra1 Re8 22.Bf4
Qd4+ 23.Qxd4 Bxd4+ 24.Kf1 Be5 25.Bxe5 Rxe5 26.Ra4 f5 27.exf5 gxf5 28.Rba3 Nc2
29.Ra2 Ne3+ 30.Kf2 Nxc4 31.Rxc4 Rxd5 32.Rca4 Rd2+ 33.Kg3 d5 34.Rxa7 Rxa7
35.Rxa7 Rxb2 36.Kf4 Rxg2 37.Kxf5 Rxh2 38.Rd7 Rh5+ 39.Kg4 Re5 40.Kf4 Re6
41.Rxd5 Kg7 42.Rd7+ Kg6 43.Rc7 Rf6+ 44.Ke4 h5 45.Rc8 h4 46.f4 Re6+ 47.Kd5 Rf6
48.Ke4 h3 49.Rh8 Re6+ 50.Kf3 Rd6 51.Ke4 Rd4+ 52.Ke5 Rd3 53.f5+ Kg7 54.Rh4 Rf3
55.Ke6 Re3+ 56.Kd5 Kf6 57.Kc6 Kg5 58.Rh8 c4 59.Kxb6 c3 60.Ka5 c2 {#R} 0-1

[Event "It (open)"]
[Site "masterchessopen.com - Sarospatak (Hungary)"]
[Round "0"]
[White "Krizsany Laszlo (HUN)"]
[Black "Juhasz Bela (HUN)"]
[Result "1-0"]
[WhiteElo "2455"]
[BlackElo "2124"]

1.d4 Nf6 2.c4 c5 3.d5 e6 4.Nc3 exd5 5.cxd5 d6 6.Nf3 g6 7.Nd2 Bg7 8.e4 O-O
9.Be2 Re8 10.O-O Na6 11.Re1 Nc7 12.Qc2 Rb8 13.a4 Na6 14.Nc4 Nb4 15.Qb1 b6
16.Bf4 Bf8 17.h3 a6 18.f3 Nh5 19.Bh2 b5 20.axb5 axb5 21.Na5 c4 22.g4 Qh4
23.Nc6 Nxc6 24.dxc6 Bg7 25.Bf1 Bd4+ 26.Kh1 Ng3+ 27.Kg2 Be5 28.Nd5 Nxf1 29.Rxf1
Bxh2 30.Kxh2 h5 31.Qe1 Qxe1 32.Rfxe1 Kg7 33.gxh5 Rh8 34.hxg6 fxg6 35.Ra7+ {#r}
1-0

[Event "It (open)"]
[Site "masterchessopen.com - Yalta (Ukraine)"]
[Round "8"]
[White "Neverov Valeriy (UKR)"]
[Black "Notkin Maksim (RUS)"]
[Result "1-0"]
[WhiteElo "2515"]
[BlackElo "2520"]

1.d4 Nf6 2.c4 c5 3.d5 e6 4.Nc3 exd5 5.cxd5 d6 6.Nf3 g6 7.Nd2 Bg7 8.e4 O-O
9.Be2 Re8 10.O-O Na6 11.Re1 Nc7 12.a4 b6 13.h3 Rb8 14.Bf1 a6 15.Nf3 Bb7 16.Qc2
Qd7 17.Rb1 Rbc8 18.Bf4 b5 19.Rbd1 c4 20.b4 a5 21.Nxb5 Nxb5 22.axb5 Nh5 23.Bh2
axb4 24.Bxc4 Bc3 25.Nd2 f5 26.Re2 fxe4 27.Rxe4 Rxe4 28.Qxe4 Nf6 29.Qd3 Qf5
30.Bxd6 Qxd3 31.Bxd3 Bxd5 32.b6 Nd7 33.Bc7 Bd4 34.Bc4 Bxc4 35.Nxc4 Bxb6
36.Nxb6 Rxc7 37.Nxd7 b3 38.Ne5 {#r} 1-0

[Event "It (open)"]
[Site "masterchessopen.com - Dieren (Netherlands)"]
[Round "0"]
[White "Van Dongen Rob (NED)"]
[Black "Obers Frits (NED)"]
[Result "0-1"]
[WhiteElo "1978"]
[BlackElo "2105"]

1.d4 Nf6 2.c4 c5 3.d5 e6 4.Nc3 exd5 5.cxd5 d6 6.e4 g6 7.Nf3 Bg7 8.Be2 O-O
9.O-O Re8 10.Nd2 Na6 11.Kh1 Nc7 12.a4 Rb8 13.f3 b6 14.Nc4 Ba6 15.Bg5 Qd7
16.Qd2 Bxc4 17.Bxc4 a6 18.Rae1 b5 19.axb5 axb5 20.Ba2 Ra8 21.Bb1 b4 22.Ne2 Nb5
23.Ng3 Qc7 24.f4 Nd4 25.Qf2 Ng4 26.Qd2 Nf6 27.Qf2 Rac8 28.Bxf6 Bxf6 29.e5 dxe5
30.Ne4 Bg7 31.d6 Qd7 32.fxe5 Rxe5 33.Nf6+ Bxf6 34.Qxf6 Re6 35.Rxe6 Qxe6
36.Qxe6 fxe6 37.Rc1 Rd8 38.Rxc5 Rxd6 39.h3 Rc6 40.Rxc6 Nxc6 41.Kg1 Kf7 42.Kf2
Kf6 43.Ke3 Ke5 44.Bd3 Na5 45.Bb5 g5 46.g3 h6 47.Ba6 Nb3 48.Bc4 Nc5 49.Bf1 Na4
50.b3 Nc5 51.Bc4 Nb7 52.Be2 Nd6 53.g4 Nc8 54.Kd3 Nb6 55.Bf1 Nd5 56.Kd2 Kd4
57.Bc4 Nf4 58.Ke1 e5 {#R} 0-1

[Event "Ch Finland (team) 1996/97"]
[Site "masterchessopen.com - Finland"]
[Round "8"]
[White "Raisa Unto (FIN)"]
[Black "Laine Heikki (FIN)"]
[Result "0-1"]
[WhiteElo "2130"]
[BlackElo "2290"]

1.d4 Nf6 2.Nf3 c5 3.d5 e6 4.c4 exd5 5.cxd5 d6 6.Nc3 g6 7.e4 Bg7 8.Be2 O-O
9.O-O Re8 10.Nd2 Na6 11.Re1 Nc7 12.a4 b6 13.h3 Rb8 14.Bd3 Nd7 15.Nc4 Ne5
16.Nxe5 Bxe5 17.f4 Bg7 18.Be3 a6 19.Qf3 b5 20.axb5 axb5 21.g4 b4 22.Nd1 Nb5
23.Bxb5 Rxb5 24.Rc1 f5 25.exf5 gxf5 26.g5 Rb7 27.Rc2 Rbe7 28.Ree2 Ba6 29.Red2
Re4 30.Kg2 Qe7 31.Kf2 Bc4 32.Rxc4 Rxc4 33.b3 Re4 34.h4 c4 35.bxc4 Rxc4 36.h5
Bc3 37.Nxc3 Rxc3 38.Re2 b3 {#R} 0-1

[Event "VL1 1997/98"]
[Site "masterchessopen.com - NRW (Germany)"]
[Round "2"]
[White "Krudde Fitzgerald (NED)"]
[Black "Voss Hubert (GER)"]
[Result "1-0"]
[WhiteElo "2295"]
[BlackElo "2213"]

1.d4 Nf6 2.c4 c5 3.d5 e6 4.Nc3 exd5 5.cxd5 d6 6.Nf3 g6 7.Nd2 Bg7 8.e4 O-O
9.Be2 Re8 10.O-O Na6 11.Kh1 Rb8 12.f4 Nc7 13.a4 a6 14.a5 Bd7 15.e5 dxe5 16.Nc4
e4 17.Be3 Bb5 18.d6 Ne6 19.Nxb5 axb5 20.Ne5 Nd7 21.Bxb5 Nxe5 22.fxe5 Rf8
23.Qd5 b6 24.Qxe4 bxa5 25.Bc4 Rb4 26.b3 Qb6 27.Qd5 Qb7 28.Rfd1 Qb6 29.Bd2 Qd8
30.Bxb4 axb4 31.Rf1 Qd7 32.Ra8 h5 33.Rxf8+ Bxf8 34.Qf3 Bg7 35.Qe3 Kh7 36.h3
Kg8 37.Qe4 Kh7 38.Qd5 Kg8 39.Kg1 Kh7 40.Qe4 Kg8 41.Bxe6 Qxe6 42.Qd3 c4 43.Qxc4
Bxe5 44.Qxe6 fxe6 45.Rd1 Bf6 46.Rc1 Kf7 47.Rc8 Bd4+ 48.Kf1 Bb6 49.Rb8 Ba5
50.Rb5 Bd8 51.Rxb4 e5 52.Rb8 {#r} 1-0

[Event "It (b)"]
[Site "masterchessopen.com - Budapest (Hungary)"]
[Round "6"]
[White "Csonkics Tunde (HUN)"]
[Black "Rimawi B T (JOR)"]
[Result "1/2-1/2"]
[WhiteElo "2225"]
[BlackElo "2250"]

1.d4 Nf6 2.c4 e6 3.Nf3 c5 4.d5 exd5 5.cxd5 d6 6.Nc3 g6 7.e4 Bg7 8.Nd2 O-O
9.Be2 Na6 10.O-O Re8 11.Re1 Nc7 12.a4 Rb8 13.f3 b6 14.Nc4 Ba6 15.Bg5 Qd7
16.Qd2 Bxc4 17.Bxc4 a6 18.Rad1 b5 19.e5 Rxe5 20.Rxe5 dxe5 21.Bxf6 Bxf6 22.axb5
axb5 23.Ba2 c4 24.b3 cxb3 25.Bxb3 b4 26.Ne4 Bd8 27.Qb2 Qe8 28.d6 Nb5 29.Ba4 f5
30.Qxb4 fxe4 31.d7 Qf8 32.Qxf8+ Kxf8 33.Rb1 e3 34.Bxb5 Ke7 35.Kf1 Ra8 36.Rb2
Rb8 37.Ke2 Bb6 38.Bc6 {#d} 1/2-1/2

[Event "Bundesliga (2nd) South 1998/99"]
[Site "masterchessopen.com - Germany"]
[Round "0"]
[White "Karolyi Tibor Jr (HUN)"]
[Black "Meissner Bernd-Guenther (GER)"]
[Result "1/2-1/2"]
[WhiteElo "2425"]
[BlackElo "2315"]

1.d4 Nf6 2.c4 c5 3.d5 e6 4.Nc3 exd5 5.cxd5 d6 6.Nf3 g6 7.Nd2 Bg7 8.e4 O-O
9.Be2 Re8 10.O-O Na6 11.a4 Nc7 12.f3 b6 13.Nc4 Ba6 14.Rb1 Qd7 15.Qd2 Nh5 16.g4
Bd4+ 17.Kh1 Ng7 18.Ne3 {#d} 1/2-1/2

[Event "It (open)"]
[Site "masterchessopen.com - Herlies (France)"]
[Round "0"]
[White "Noirot Florent (FRA)"]
[Black "Lebon Joffrey (FRA)"]
[Result "1-0"]
[WhiteElo "2096"]
[BlackElo "1970"]

1.d4 Nf6 2.c4 c5 3.d5 e6 4.Nc3 exd5 5.cxd5 d6 6.e4 g6 7.Nf3 Bg7 8.Be2 O-O
9.O-O Re8 10.Nd2 Na6 11.Re1 Nc7 12.a4 b6 13.Bf3 Nd7 14.Nc4 Ne5 15.Nxe5 Bxe5
16.g3 Qf6 17.Be3 Bxc3 18.bxc3 Qxc3 19.Bf4 Bh3 20.Re3 Qf6 21.Re1 Rad8 22.Bh1
Na6 23.Ra3 Nb4 24.Bd2 a5 25.g4 Bxg4 26.Qxg4 Nc2 27.Rf3 Qd4 28.Bc3 Qxa4 29.Qh4
Nxe1 30.Qxh7+ {#r} 1-0

[Event "Ch Hungary (team) 1998/99"]
[Site "masterchessopen.com - Hungary"]
[Round "0"]
[White "Orso Janos (HUN)"]
[Black "Szieberth Adam (HUN)"]
[Result "0-1"]
[WhiteElo "2194"]
[BlackElo "2330"]

1.d4 Nf6 2.c4 c5 3.d5 e6 4.Nc3 exd5 5.cxd5 d6 6.e4 g6 7.Be2 Bg7 8.Nf3 O-O
9.O-O Re8 10.Nd2 Na6 11.Kh1 Nc7 12.a4 b6 13.Qc2 Nfxd5 14.exd5 Bxc3 15.Qxc3
Rxe2 16.Nc4 Bb7 17.Bh6 f6 18.Qf3 Qe7 19.Ne3 Ba6 20.Rfe1 Rxe1+ 21.Rxe1 Re8
22.h3 f5 23.Nc2 Qf6 24.Rxe8+ Nxe8 25.Ne3 Qxb2 26.g4 Qb1+ 27.Kg2 Qe4 28.gxf5
gxf5 29.Nxf5 Bf1+ 30.Kg3 Qxf3+ 31.Kxf3 Bxh3 32.Ne7+ Kf7 33.Nc6 Nf6 34.Bf4 Bg4+
35.Kg3 Bd1 36.Bd2 Ne4+ {#R} 0-1

[Event "It (open)"]
[Site "masterchessopen.com - Kajaani (Finland)"]
[Round "4"]
[White "Karttunen Mika (FIN)"]
[Black "Mertanen Janne (FIN)"]
[Result "1/2-1/2"]
[WhiteElo "2275"]
[BlackElo "2369"]

1.d4 Nf6 2.c4 c5 3.d5 g6 4.Nc3 d6 5.Nf3 Bg7 6.e4 O-O 7.Be2 e6 8.O-O exd5
9.cxd5 Re8 10.Nd2 Na6 11.a4 Nc7 12.f3 b5 13.Bxb5 Nxb5 14.axb5 Nd7 15.f4 f5
16.exf5 gxf5 17.Nf3 h6 18.Qd3 Nf6 19.Ra4 Bd7 20.Bd2 Ne4 21.Be1 {#d} 1/2-1/2

[Event "It \"]
[Site "masterchessopen.com - Philadelphia (USA)"]
[Round "3"]
[White "Greanias Steve (USA)"]
[Black "Weissbarth Adam (USA)"]
[Result "1-0"]
[WhiteElo "2235"]
[BlackElo "2135"]

1.c4 c5 2.Nf3 g6 3.d4 Bg7 4.d5 e6 5.e4 exd5 6.cxd5 d6 7.Be2 Nf6 8.Nc3 O-O
9.O-O Re8 10.Nd2 Na6 11.Qc2 Nc7 12.a4 a6 13.Nc4 Rb8 14.f4 b5 15.axb5 axb5
16.Na5 Bd7 17.Bf3 b4 18.Ne2 Qe7 19.Nc4 Nxe4 20.Ra7 Bf5 21.g4 Ng3 22.gxf5 Nxf1
23.Kxf1 Ra8 24.Rxa8 Rxa8 25.Qe4 Qxe4 26.Bxe4 gxf5 27.Bxf5 Ra1 28.Be4 Nb5
29.Kf2 f5 30.Bd3 Nd4 31.Nxd4 Bxd4+ 32.Be3 Bxe3+ 33.Nxe3 Kg7 34.Nxf5+ Kf6
35.Nxd6 Rd1 36.Ne4+ Ke7 37.Ke3 Re1+ 38.Kf3 Rh1 39.d6+ Ke6 40.f5+ Kd7 41.Bb5+
Kd8 42.Nxc5 {#r} 1-0

[Event "It (open)"]
[Site "masterchessopen.com - Rhein an Main (Germany)"]
[Round "6"]
[White "Kunze Kerstin (GER)"]
[Black "Roesner Harald (GER)"]
[Result "1/2-1/2"]
[WhiteElo "2136"]
[BlackElo "1986"]

1.d4 e6 2.c4 Nf6 3.Nf3 c5 4.d5 exd5 5.cxd5 d6 6.Nc3 g6 7.e4 Bg7 8.Be2 O-O
9.O-O Re8 10.Nd2 Na6 11.Bf3 Rb8 12.Re1 Nd7 13.Nb5 Ne5 14.Be2 Nb4 15.Nxa7 Bd7
16.Nb5 Ned3 17.Bxd3 Nxd3 18.Nxd6 Qf6 19.Rf1 Qxd6 20.Nc4 Qa6 21.Qxd3 Bb5 22.Qg3
Bxc4 23.Re1 Be5 24.Bf4 Qf6 25.Bxe5 Qxe5 26.b3 Qxg3 27.hxg3 Bd3 28.Re3 c4 29.f3
Ra8 30.a4 f5 31.bxc4 Bxc4 32.Kf2 fxe4 33.fxe4 Ra6 34.Rb1 Rxa4 35.Rxb7 Ra1
36.Kf3 Rf1+ 37.Kg4 Re5 38.Rf3 h5+ 39.Kf4 Re8 40.Rc7 Rf8+ 41.Kg5 Bb5 42.Rxf1
Bxf1 43.d6 Bxg2 44.e5 Bh3 45.Kxg6 Re8 {#d} 1/2-1/2

[Event "Ch Slovenia (team)"]
[Site "masterchessopen.com - Bled (Slovenia)"]
[Round "3"]
[White "Kastelic Marian (SLO)"]
[Black "Rusjan Miran (SLO)"]
[Result "1-0"]
[WhiteElo "2364"]
[BlackElo "2244"]

1.d4 Nf6 2.c4 c5 3.d5 e6 4.Nc3 exd5 5.cxd5 d6 6.e4 g6 7.Be2 Bg7 8.Nf3 O-O
9.O-O Re8 10.Nd2 Na6 11.Re1 Nc7 12.a4 b6 13.f3 Rb8 14.Nc4 Ba6 15.Ne3 Bxe2
16.Rxe2 Nh5 17.Nc4 Bd4+ 18.Be3 Nf4 19.Re1 Bxe3+ 20.Rxe3 a6 21.g3 Nh5 22.f4 b5
23.Na5 Qf6 24.Nc6 Ra8 25.e5 dxe5 26.fxe5 Qg5 27.Qf3 f5 28.d6 b4 29.dxc7 bxc3
30.Rxc3 f4 31.h4 Qxg3+ 32.Qxg3 Nxg3 33.Rxc5 Ne4 34.Rc4 Nd2 35.Rc2 Nf3+ 36.Kf2
Nxh4 37.Rd1 Kf8 38.Rd8 Rc8 39.Rxc8 Rxc8 40.Na7 {#r} 1-0

[Event "Bundesliga (juniors) (North) West 1998/99"]
[Site "masterchessopen.com - Germany"]
[Round "0"]
[White "Korsus Bernd (GER)"]
[Black "Opitz Claudio (GER)"]
[Result "1/2-1/2"]
[WhiteElo "2186"]
[BlackElo "2155"]

1.d4 Nf6 2.c4 c5 3.d5 e6 4.Nc3 exd5 5.cxd5 d6 6.e4 g6 7.Nf3 Bg7 8.Be2 O-O
9.O-O Re8 10.Nd2 Na6 11.Re1 Nc7 12.a4 b6 13.f4 Rb8 14.Bb5 Ng4 15.Nf3 Nxb5
16.axb5 Rb7 17.h3 Nh6 18.e5 Nf5 19.Ne4 dxe5 20.fxe5 Nd4 21.Nxd4 cxd4 22.Nd6
Rxe5 23.Nxb7 Bxb7 24.Bf4 Qxd5 25.Qf3 Qd7 26.Qg3 Rxe1+ 27.Rxe1 Qxb5 28.Bg5 h6
29.Qb8+ Kh7 30.Qxb7 hxg5 31.Qxf7 Qxb2 32.Qxa7 d3 33.Qa4 d2 34.Rd1 Qd4+ 35.Qxd4
Bxd4+ 36.Kf1 Bc3 37.Ke2 b5 38.Kd3 b4 39.Rf1 g4 40.h4 g5 41.hxg5 Kg6 42.Kc2
Kxg5 43.g3 {#d} 1/2-1/2

[Event "Ch World (juniors) (under 16) (g)"]
[Site "masterchessopen.com - Oropesa (Spain)"]
[Round "3"]
[White "Cmilyte Viktorija (LTU)"]
[Black "Istrati Viorica (ROM)"]
[Result "1-0"]
[WhiteElo "2354"]
[BlackElo "2127"]

1.d4 Nf6 2.c4 c5 3.d5 e6 4.Nc3 exd5 5.cxd5 d6 6.e4 g6 7.Nf3 Bg7 8.Be2 O-O
9.O-O Re8 10.Nd2 Na6 11.Kh1 Nc7 12.a4 b6 13.f3 Rb8 14.Nc4 Ba6 15.Rb1 Qd7
16.Qc2 Bxc4 17.Bxc4 a6 18.b4 b5 19.axb5 axb5 20.Be2 c4 21.f4 Qe7 22.Bf3 Nd7
23.Bd2 Nb6 24.Rfe1 Qd7 25.Rbd1 Na6 26.Na2 Na4 27.Bc1 c3 28.Re3 Rbc8 29.Be2 Re7
30.Bd3 Nb2 31.Bxb2 cxb2 32.Qe2 Nc7 33.Bb1 Rce8 34.Nc3 Na6 35.Qxb2 f5 36.e5
dxe5 37.d6 Re6 38.Na2 e4 39.Qa3 Nb8 40.Qa5 Kf8 41.Rd5 {#r} 1-0

[Event "It (open) \"]
[Site "masterchessopen.com - Nyiregyhaza (Hungary)"]
[Date "1999.07.14"]
[Round "5"]
[White "Orso Miklos (HUN)"]
[Black "Prokopishin Vasily (UKR)"]
[Result "0-1"]
[WhiteElo "2339"]
[BlackElo "2338"]

1.d4 Nf6 2.c4 e6 3.Nf3 c5 4.d5 exd5 5.cxd5 d6 6.Nc3 g6 7.e4 Bg7 8.Be2 O-O
9.O-O Re8 10.Nd2 Na6 11.Kh1 Nc7 12.a4 Qe7 13.Rb1 b6 14.Re1 Nd7 15.f4 Bd4
16.Bc4 Nf6 17.f5 Bxf5 18.Ne2 Nxe4 19.Nxe4 Qxe4 20.Bd2 Qxb1 21.Qxb1 Bxb1
22.Rxb1 Bg7 23.b4 Rab8 24.Nc3 a6 25.b5 a5 26.Kg1 Bd4+ 27.Kf1 Re5 28.g4 Rbe8
29.Ne2 Be3 30.Bxa5 bxa5 31.b6 Rb8 32.bxc7 Rxb1+ 33.Kg2 Re8 34.Ba6 Bd4 {#R} 0-1

[Event "Ch Ukraine (juniors) (under 18)"]
[Site "masterchessopen.com - Dnepropetrovsk (Ukraine)"]
[Round "9"]
[White "Kobylkin Evgeni (UKR)"]
[Black "Kovchan Alexander (UKR)"]
[Result "0-1"]
[WhiteElo "2366"]
[BlackElo "2420"]

1.d4 Nf6 2.c4 g6 3.Nc3 Bg7 4.e4 O-O 5.Nf3 c5 6.d5 d6 7.Be2 e6 8.Nd2 exd5
9.cxd5 Re8 10.O-O Na6 11.Rb1 Nc7 12.a3 Qe7 13.Re1 b5 14.Nxb5 Nfxd5 15.Nxd6
Qxd6 16.Nc4 Qd8 17.exd5 Bf5 18.Ra1 Qxd5 19.Be3 Bd4 20.Qa4 Be4 21.Bf1 Qc6
22.Qa5 Nd5 23.Bxd4 cxd4 24.Nd2 Bc2 25.Rec1 Nf4 26.Nf3 d3 27.Nd4 Qe4 28.Nf3
Rad8 29.Re1 Nh3+ 30.gxh3 Qxf3 31.Qd2 Qd5 32.Rac1 Qd4 33.b4 Rc8 34.a4 Rxe1
35.Rxe1 Kg7 36.Re7 Rc4 37.Rb7 Bb1 38.Qe3 Qd5 39.Rb5 Qd6 40.Rb7 Qd5 41.Rb5 Qd6
42.Rb7 Rd4 43.Qd2 Bc2 44.a5 g5 45.Rb5 h6 46.Rf5 Rxb4 47.Qc3+ Rd4 48.Qd2 Rf4
49.Rxf4 gxf4 50.Bg2 Qd4 51.Bf3 Ba4 52.h4 Bd7 53.Kg2 Bf5 54.h3 Qe5 55.Kh2 Be4
56.Bxe4 f3+ {#R} 0-1

[Event "It (open)"]
[Site "masterchessopen.com - Essen (Germany)"]
[Round "3"]
[White "Podzielny Karl-Heinz (GER)"]
[Black "Sandkamp Ralph (GER)"]
[Result "0-1"]
[WhiteElo "2503"]
[BlackElo "2325"]

1.d4 Nf6 2.Nf3 g6 3.c4 Bg7 4.Nc3 O-O 5.e4 d6 6.Be2 c5 7.d5 e6 8.O-O exd5
9.cxd5 Re8 10.Nd2 Na6 11.Rb1 Nc7 12.a4 b6 13.Re1 Rb8 14.h3 Nd7 15.Nb5 Nxb5
16.Bxb5 a6 17.Bc6 b5 18.axb5 axb5 19.b4 c4 20.Nf3 Re7 21.Nd4 Ne5 22.Bg5 f6
23.Bh4 Bd7 24.Bg3 Qb6 25.Kh2 Rbe8 26.Bxd7 Rxd7 27.Ne6 Nd3 28.Re3 Bh6 29.Rf3
Rf7 30.h4 Ne5 31.Bxe5 dxe5 32.Ra1 Rc8 33.h5 Bf8 34.hxg6 hxg6 35.Rg3 Qxf2
36.Qg4 Rh7+ 37.Rh3 Rxh3+ 38.Kxh3 Qe3+ 39.g3 Qh6+ 40.Kg2 Qh5 41.Qxh5 gxh5
42.Nxf8 Kxf8 43.Kf3 c3 44.Ke2 Rc4 45.Kd3 Rxb4 {#R} 0-1

[Event "It (open) (juniors) (under 20)"]
[Site "masterchessopen.com - Hengelo (Netherlands)"]
[Round "2"]
[White "Visser Henk-Jan (NED)"]
[Black "Berger Steve (GER)"]
[Result "1-0"]
[WhiteElo "2245"]
[BlackElo "2320"]

1.d4 Nf6 2.c4 c5 3.d5 e6 4.Nc3 exd5 5.cxd5 d6 6.Nf3 g6 7.e4 Bg7 8.Nd2 O-O
9.Be2 Re8 10.O-O Na6 11.a4 Rb8 12.f3 Nc7 13.Nc4 a6 14.Bf4 Nh5 15.Be3 b5
16.axb5 Nxb5 17.Nxb5 axb5 18.Na5 Bd7 19.g4 Nf6 20.Qd2 h5 21.h3 Nh7 22.Kg2 f5
23.Nc6 Bxc6 24.dxc6 Qe7 25.gxf5 gxf5 26.Qd5+ Kh8 27.Qxf5 Rg8 28.Kh1 Bxb2
29.Rad1 Qe5 30.Qxe5+ Bxe5 31.f4 Bf6 32.Rxd6 c4 33.e5 Bg7 34.c7 Rbc8 35.Bb6 Nf8
36.Rfd1 c3 37.Bxb5 {#r} 1-0

[Event "It \"]
[Site "masterchessopen.com - Koszeg (Hungary)"]
[Round "2"]
[White "Csiszar Csaba (HUN)"]
[Black "Soos Bela (GER)"]
[Result "1/2-1/2"]
[WhiteElo "2410"]
[BlackElo "2364"]

1.d4 Nf6 2.c4 c5 3.d5 d6 4.Nc3 g6 5.Nf3 Bg7 6.e4 O-O 7.Be2 e6 8.O-O exd5
9.cxd5 Re8 10.Nd2 Na6 11.a4 Nc7 12.Rb1 b6 13.Re1 Rb8 14.Bf1 a6 15.h3 {#d}
1/2-1/2

[Event "Ch Norway (team) 1999/00"]
[Site "masterchessopen.com - Norway"]
[Round "8"]
[White "Chavannes Ivar (NOR)"]
[Black "Sagafos Magne (NOR)"]
[Result "1/2-1/2"]
[WhiteElo "2188"]
[BlackElo "2170"]

1.d4 Nf6 2.c4 c5 3.d5 e6 4.Nc3 exd5 5.cxd5 d6 6.Nf3 g6 7.Nd2 Bg7 8.e4 O-O
9.Be2 Na6 10.O-O Re8 11.h3 Rb8 12.f4 Nc7 13.a4 b6 14.Re1 a6 15.Bf3 b5 16.axb5
axb5 17.e5 dxe5 18.Nb3 e4 19.Nxe4 Nfxd5 20.Nbxc5 Bf5 21.Kh2 Qh4 22.Nd3 Rbd8
23.Bd2 Ne6 24.Ndf2 Bxe4 25.Nxe4 Ndxf4 26.Ng3 Bh6 27.Re4 Qf6 28.Qc1 Nd3 29.Bc3
Qg5 30.Qf1 Nec5 31.Rg4 Qe7 32.Bc6 Rf8 33.Nf5 Qc7+ 34.Ng3 Qxc6 35.Nf5 Qc7+
36.g3 Be3 37.Qf3 Ne5 38.Qxe3 Nxg4+ 39.hxg4 f6 40.Ne7+ Kh8 41.g5 Nd7 42.Ra7 Qc4
43.gxf6 Nxf6 44.Nxg6+ Kg8 45.Ne7+ Kh8 46.Ng6+ Kg8 47.Ne7+ Kh8 48.Ng6+ Kg8
49.Ne7+ Kh8 50.Ng6+ {#d} 1/2-1/2

[Event "Tournament (Elo) (a)"]
[Site "masterchessopen.com - Budapest (Hungary)"]
[Round "12"]
[White "Engstrom Staffan (SWE)"]
[Black "Magyar Istvan (HUN)"]
[Result "1/2-1/2"]
[WhiteElo "2029"]
[BlackElo "2101"]

1.d4 Nf6 2.c4 c5 3.d5 e6 4.Nc3 exd5 5.cxd5 d6 6.Nf3 g6 7.e4 Bg7 8.Be2 O-O
9.O-O Na6 10.Nd2 Re8 11.Re1 Nc7 12.a4 Rb8 13.h3 a6 14.a5 b5 15.axb6 Rxb6
16.Nc4 Rb8 17.Bd3 Nb5 18.Bf4 Bf8 19.Bh2 Bd7 20.Bc2 {#d} 1/2-1/2

[Event "Ch Greece"]
[Site "masterchessopen.com - Athens (Greece)"]
[Round "8"]
[White "Banikas Hristos (GRE)"]
[Black "Simeonidis Ioannis (GRE)"]
[Result "1-0"]
[WhiteElo "2515"]
[BlackElo "2331"]

1.d4 Nf6 2.c4 e6 3.Nf3 c5 4.d5 d6 5.Nc3 exd5 6.cxd5 g6 7.Nd2 Bg7 8.e4 O-O
9.Be2 Na6 10.O-O Re8 11.Re1 Nc7 12.a4 Rb8 13.Qc2 b6 14.Nc4 Ba6 15.Bg5 Qd7
16.Rad1 Bxc4 17.Bxc4 a6 18.b3 b5 19.Bf1 bxa4 20.bxa4 Rb4 21.e5 Rxe5 22.Rxe5
dxe5 23.Bxf6 Bxf6 24.d6 Ne8 25.Bxa6 Rd4 26.Ne4 Bd8 27.Bb5 Qf5 28.Rxd4 {#r} 1-0

[Event "It (cat.2) (b)"]
[Site "masterchessopen.com - Budapest (Hungary)"]
[Round "4"]
[White "Pedersen Christian Kyndel (DEN)"]
[Black "Hardicsay Peter (HUN)"]
[Result "1/2-1/2"]
[WhiteElo "2245"]
[BlackElo "2309"]

1.d4 Nf6 2.c4 e6 3.Nf3 c5 4.d5 exd5 5.cxd5 g6 6.Nc3 d6 7.e4 Bg7 8.Nd2 O-O
9.Be2 Re8 10.O-O Na6 11.Re1 Nc7 12.Qc2 Rb8 13.a4 b6 14.Nc4 Ba6 15.Bf4 Bxc4
16.Bxc4 Nh5 17.Be3 a6 18.Qd3 Qc8 19.Rab1 Qd7 20.Bb3 b5 21.Bd1 c4 22.Qc2 Nf6
23.Bf3 {#d} 1/2-1/2

[Event "Ch Austria"]
[Site "masterchessopen.com - Oberpullendorf (Austria)"]
[Round "5"]
[White "Hoelzl Franz (AUT)"]
[Black "Genser Harald (AUT)"]
[Result "0-1"]
[WhiteElo "2349"]
[BlackElo "2265"]

1.c4 e6 2.d4 Nf6 3.Nf3 c5 4.d5 d6 5.Nc3 exd5 6.cxd5 g6 7.Nd2 Bg7 8.e4 O-O
9.Be2 Re8 10.O-O Na6 11.Re1 Nc7 12.a4 b6 13.Qc2 Ba6 14.Nf3 h6 15.Bf4 g5
16.Bxd6 Qxd6 17.e5 Qd7 18.exf6 Bxe2 19.Rxe2 Rxe2 20.Qxe2 Bxf6 21.Ne4 Bg7 22.d6
Ne6 23.Ng3 Qxd6 24.Nf5 Qc7 25.Nxg7 Kxg7 26.h4 Rd8 27.a5 Qd6 28.axb6 axb6
29.hxg5 hxg5 30.Qe3 Qd5 31.Qc3+ Nd4 32.Rd1 f6 33.Nxd4 Rd7 34.Qd3 Qxd4 35.Qxd4
Rxd4 36.Rc1 Kf7 37.Kf1 Ke6 38.Ke2 Kd5 39.Rc3 f5 40.Rb3 Kc6 41.Rf3 f4 42.g3 c4
43.Ra3 Kc5 44.gxf4 gxf4 45.Rh3 Kb4 46.Rh5 b5 47.Rh3 Rd3 {#R} 0-1

[Event "It (d)"]
[Site "masterchessopen.com - Serpukhov (Russia)"]
[Round "2"]
[White "Glotov Mikhail (RUS)"]
[Black "Simantsev Mikhail (UKR)"]
[Result "0-1"]
[WhiteElo "2169"]
[BlackElo "2402"]

1.d4 Nf6 2.c4 c5 3.d5 e6 4.Nc3 exd5 5.cxd5 d6 6.Nf3 g6 7.Nd2 Bg7 8.e4 O-O
9.Be2 Re8 10.O-O Na6 11.Re1 Nc7 12.Qc2 a6 13.a4 Rb8 14.a5 Bd7 15.Nf1 Nb5
16.Nxb5 axb5 17.Ng3 h5 18.Bg5 Qc7 19.b4 Nh7 20.Bf4 h4 21.Nf1 Nf6 22.Nd2 c4
23.Ra3 Rbc8 24.f3 Nh5 25.Be3 Be5 26.Bb6 Qb8 27.Bf2 g5 28.Nf1 Nf4 29.Ne3 Qc7
30.Bf1 Kg7 31.g3 hxg3 32.hxg3 Nh5 33.Kg2 Qd8 34.Be2 Rh8 35.Qc1 Rh6 36.Ng4 Bxg4
37.fxg4 Nf6 38.Qxg5+ Rg6 39.Qf5 Qd7 40.Be3 Qxf5 41.exf5 Rxg4 42.Bxg4 Nxg4
43.Bc1 Nf6 44.Rd1 Rh8 45.a6 bxa6 46.Rxa6 Ne4 47.Bf4 Bxf4 48.gxf4 Kf6 49.Ra7
Rh7 50.Rh1 Rxh1 51.Kxh1 c3 52.Rc7 Kxf5 53.Rxf7+ Kg4 54.Kg2 c2 55.Rc7 Nc5 {#R}
0-1